Принцип апокалипсиса: сценарии конца света
Bewaard in:
| Hoofdauteur: | |
|---|---|
| Online toegang: | https://znanium.com/catalog/document?id=326339 https://znanium.com/cover/0989/989483.jpg |
| Tags: |
Voeg label toe
Geen labels, Wees de eerste die dit record labelt!
|
| LEADER | 01417nam0a2200265 i 4500 | ||
|---|---|---|---|
| 001 | RU\infra-m\znanium\bibl\989483 | ||
| 003 | https://znanium.com/catalog/document?id=326339 | ||
| 005 | 20231013000000.0 | ||
| 010 | |a 978-5-9729-0232-3 | ||
| 100 | |a 20231013d2018 m y0rusy0150 ca | ||
| 101 | 0 | |a rus | |
| 102 | |a RU | ||
| 200 | 1 | |a Принцип апокалипсиса: сценарии конца света |f Харьковский национальный университет им. В.Н. Каразина | |
| 210 | 1 | |a Вологда |c Инфра-Инженерия |d 2018 | |
| 215 | |a 244 с. | ||
| 333 | |a ВО - Бакалавриат | ||
| 606 | |a Художественная литература. Досуг |x Современная российская литература |2 local | ||
| 675 | |a 821 |z rus | ||
| 686 | |a 84 |2 rubbk | ||
| 686 | |a 45.03.01 |2 okso | ||
| 686 | |a 45.03.99 |2 okso | ||
| 700 | 1 | |a Фейгин |b О.О. |g Олег Орестович |p Харьковский национальный университет им. В.Н. Каразина | |
| 801 | 0 | |a RU |b Общество с ограниченной ответственностью «ЗНАНИУМ» |c 20180716 |2 rusmarc | |
| 856 | 4 | |a znanium.com |m ebs_support@infra-m.ru |n НИЦ ИНФРА-М |u https://znanium.com/catalog/document?id=326339 | |
| 856 | 4 | 1 | |a znanium.com |d /cover/0989 |f 989483.jpg |q image/jpeg |u https://znanium.com/cover/0989/989483.jpg |